01132nam0a22002291 4500001001000000005001700010035002600027100004100053101000800094102000700102105001800109200020900127210003900336215001500375225029400390300006800684320003000752702006100782801001800843801002200861852001900883rc\53420120250621122626.0 a(NLR Aleph) 005771886 a20030616d1988 |||y0rusy50 ca0 arus aRU ay |||||||||1 aСТИМУЛИРОВАНИЕ ценами производства и реализации новых товаров народного потребленияf[Спицына Т.Ю. к. э. н. и др.] aКиевcУкрниинтиd1988 a35 с.d201 aЭкономикаiСерия "Производство, конъюнктура торговли и спрос населения на товары народного потребления"eОбзор. информ.fУкр. НИИ НТИ и техн.-экон. исслед.vВып. 4 aВ надзаг. также: Гос. план. ком. УССР aБиблиогр.: с. 34 1aСпицынаbТ.Ю.gТамара Юрьевна4220 0aRUbNLRgpsbo 1aRUbELAR2rusmarc aNLRjП22/5637